000
00267nam a22001097a 4500
082
_a
332.1
100
_a
State Bank of Pakistan
245
_a
Annual Report 2005-2006 Volume- II
_c
State Bank of Pakistan
300
_a
various paging
563
_a
PB
942
_2
ddc
_c
BK
999
_c
588753
_d
588753